000
00298nam a22001217a 4500
008
170405b xxu||||| |||| 00| 0 eng d
041
_a
eng
080
_2
3RD
_a
616.34
100
_a
9
101
_a
SHM
245
_a
DISEASES OF THE GASTROINTESTINAL TRACT AND LIVER
_c
SHEARMAN, D.J.V
942
_2
udc
_c
BK
999
_c
9858
_d
9858